000 00611nam a22002052 4500
001 0000018712
005 20151217155221.0
008 100609s xx 000 0 eng d
020 _a0521635667 :
040 _aKABU
_cKABU
100 1 _aVan Valin, Robert D.
_@0000178035
245 1 3 _aAn Introduction to syntax /
_cRobert D. Van Valin.
250 _a1st ed.
260 _aCambridge :
_bU. O. C.,
_c2001.
300 _axvi, 239 p.
650 0 _aGrammer, Comparative and general
_xSyntax.
_@0000178036
852 1 _9p2800 KES
908 _a100609
950 _@1
999 _c12071
_d12071